| 000 | 01612nam a2200313 a 4500 | ||
|---|---|---|---|
| 001 | 000048192 | ||
| 003 | DO-SdBPM | ||
| 005 | 20251028101055.0 | ||
| 007 | ta | ||
| 008 | 181205s2016 dr r 000 0 spa d | ||
| 020 | _a9789945167344 | ||
| 040 |
_aDO-SdBPM _bspa _cBPMSU _drda |
||
| 082 | 4 |
_a158.1 _bP438d 2016 _222 |
|
| 100 | 1 |
_aPérez, Hansel Israel _eautor |
|
| 245 | 1 | 0 |
_aDispuesto a no rendirme : _baun agobiado y con dolor, se vence / _cHansel Israel Pérez. |
| 260 | _c | ||
| 264 |
_aSanto Domingo : _bEditora Búho, _c2016 |
||
| 300 |
_a148 páginas ; _c23 cm. |
||
| 336 |
_atexto _btxt _2rdacontent |
||
| 337 |
_asin mediación _bn _2rdamedia |
||
| 338 |
_avolumen _bnc _2rdacarrier |
||
| 505 | 0 | _aPrólogo, 13.-- Introducción, 15.-- La larga espera. El no saber cuándo, genera perturbaciones, 21.-- Recupera el entusiasmo. ¡Vamos!, exalta tu ánimo, 31.-- Conócete. Aprecia lo que te caracteriza, 43.-- Las heridas no cuentan. Tu voluntad es más poderosa que cualquier angustia, 55.-- El cáncer no te venció. Aun orgulloso por tu valor y coraje, 71.-- Capacidad única. Divino componente de nuestra real esencia, 87.-- Causas de renuncia. El porqué muchos desisten, 97.-- Tiempo. El momento preciso ha sido diseñado, 113.-- Dejando ir. Una bienvenida a lo extraordinario, 123.--Ama y vencerás. El verdadero éxito, 135.-- Epílogo, 145.-- Unas palabras del autor, 147. | |
| 590 | _aInventariado, 2025 / VM | ||
| 650 | 7 | _aAutoayuda | |
| 650 | 7 | _aSuperación personal | |
| 650 | 7 | _aPerseverancia (Psicología) | |
| 910 | _aVMateo V. Control de calidad BPMSU | ||
| 942 |
_2ddc _cBK |
||
| 999 |
_c15476 _d15476 |
||